| 000 | 00418pab a2200169 454500 | ||
|---|---|---|---|
| 008 | 180718b2008 xxu||||| |||| 00| 0 eng d | ||
| 100 | _aMcmichael, Philip | ||
| 245 | _aThe peasant as `cenary'? Not too early warnings of global catastrophe | ||
| 260 | _c2008 | ||
| 300 | _ap.504-11. | ||
| 362 | _aDec | ||
| 650 | _aAgriculture | ||
| 650 | _aFood supply | ||
| 773 | _aDevelopment | ||
| 908 | _aN | ||
| 909 | _a80725 | ||
| 999 |
_c80725 _d80725 |
||